ბათუმის შოთა რუსთაველის სახელმწიფო უნივერსიტეტის ბიბლიოთეკა

Основы Ээкономики и Бзнеса:=TLEMENTARY ECONOMICS AND RUSINESS (ბიბ.ჩანაწერი № 37225)

000 -LEADER
fixed length control field 00729nam a2200229Ia 4500
001 - CONTROL NUMBER
control field 3184
003 - CONTROL NUMBER IDENTIFIER
control field GE_BSU
008 - FIXED-LENGTH DATA ELEMENTS--GENERAL INFORMATION
fixed length control field 181216s||||||||xx |||||||||||||| ||und||
020 ## - INTERNATIONAL STANDARD BOOK NUMBER
International Standard Book Number 5851730056
040 ## - CATALOGING SOURCE
Transcribing agency GE_BSU
080 ## - UNIVERSAL DECIMAL CLASSIFICATION NUMBER
Universal Decimal Classification number 334(07.8)+811.111
100 ## - MAIN ENTRY--PERSONAL NAME
Personal name Глав. ред. Р.Д. Эриашвили.
245 ## - TITLE STATEMENT
Title Основы Ээкономики и Бзнеса:=TLEMENTARY ECONOMICS AND RUSINESS
245 ## - TITLE STATEMENT
Statement of responsibility, etc. Учебное пособие по англ. яз.
260 ## - PUBLICATION, DISTRIBUTION, ETC.
Place of publication, distribution, etc. Москва
260 ## - PUBLICATION, DISTRIBUTION, ETC.
Name of publisher, distributor, etc. кулеура и спорт, ЮНИТИ
260 ## - PUBLICATION, DISTRIBUTION, ETC.
Date of publication, distribution, etc. 1996
300 ## - PHYSICAL DESCRIPTION
Extent 296 ст. ил. 20 см.
653 ## - INDEX TERM--UNCONTROLLED
Uncontrolled term Основы Ээкономики и Биизнеса
942 ## - ADDED ENTRY ELEMENTS (KOHA)
Koha item type წიგნი
ეგზემპლარები
Withdrawn status Lost status Damaged status Not for loan Date acquired Barcode Date last seen Price effective from Koha item type Public note
        2018-12-17 8233 2018-12-17 2018-12-17 წიგნი დარ,აზი